La gracia. Gratis et amore
Збережено в:
| Автор: | |
|---|---|
| Формат: | Книга |
| Мова: | Іспанська |
| Опубліковано: |
Salamanca
San Esteban
2002
|
| Серія: | Trazos, 3
|
| Предмети: | |
| Теги: |
Додати тег
Немає тегів, Будьте першим, хто поставить тег для цього запису!
|
MARC
| LEADER | 00000nam a2200000 a 4500 | ||
|---|---|---|---|
| 001 | UCI2226 | ||
| 003 | CL-VaPUC | ||
| 008 | 070810e20020000SP |||||||||||||||||spa|d | ||
| 020 | |a 8482601105 | ||
| 082 | 0 | 4 | |a 177.7 |b GEL |2 21 |
| 100 | |a Gelabert Ballester, Martín |e author |9 523167 | ||
| 245 | 1 | 3 | |a La gracia. Gratis et amore |
| 300 | |a 137 p | ||
| 942 | |c BK | ||
| 945 | |d 20070810 00:00:00 |a rbrito | ||
| 260 | |a Salamanca |b San Esteban |c 2002 | ||
| 650 | 0 | |a Amor |9 257817 | |
| 650 | 0 | |a Emociones |9 265224 | |
| 650 | 0 | |a Ética |9 255099 | |
| 650 | 0 | |a Valores morales |9 310604 | |
| 650 | 0 | |a Comportamiento |9 308406 | |
| 650 | 0 | |a Antiguo testamento |9 313678 | |
| 650 | 0 | |a Nuevo testamento |9 257604 | |
| 583 | |a last modification |c 20070810 00:00:00 |k Rodrigo Vera | ||
| 490 | 0 | |a Trazos, 3 | |
| 999 | |c 326862 |d 326860 | ||
| 952 | |0 0 |1 0 |4 0 |6 177_700000000000000_GEL_2002 |7 0 |8 A |9 409038 |a BIBTEO |b BIBTEO |d 2019-11-22 |i 404858K |o 177.7 GEL 2002 |p 404858K |r 2025-01-17 |w 2019-11-22 |y BK |k ICR | ||